Summer Olympic Games host nations - Statistics

General Stats
  • This quiz has been taken 37 times
  • The average score is 28 of 30
Answer Stats
Year Nation % Correct
2016 Brazil
100%
2008 China
100%
1900 France
100%
1924 France
100%
2024 France
100%
1936 Germany
100%
1964 Japan
100%
2020 Japan
100%
1972 West Germany
100%
1904 United States
97%
1932 United States
97%
1984 United States
97%
1996 United States
97%
1956 Australia
94%
2000 Australia
94%
1976 Canada
94%
1960 Italy
94%
1992 Spain
94%
1908 United Kingdom
94%
1948 United Kingdom
94%
2012 United Kingdom
94%
1896 Greece
91%
2004 Greece
91%
1980 Soviet Union
91%
1968 Mexico
86%
1912 Sweden
83%
1920 Belgium
77%
1928 Netherlands
77%
1988 South Korea
77%
1952 Finland
71%
No matching quizzes found
Score Distribution
Percent of People with Each Score
Percentile by Number Answered
Your Score History
You have not taken this quiz